Ultimate Chicken Horse Points - Statistics

General Stats
  • This quiz has been taken 17 times
  • The average score is 6 of 7
Answer Stats
Answer % Correct
Postmortem
100%
Trap
100%
Coin
88%
Solo
88%
Comeback
75%
First
75%
Goal
63%
No matching quizzes found
Score Distribution
Percent of People with Each Score
Percentile by Number Answered
Your Score History
You have not taken this quiz